00397nam a2200157Ia 4500001000500000005001700005008004100022041000800063082001500071100003200086245006800118260000900186300002800195650000800223654000800231428220260306145744.0260306t2010||||xx |||||||||||||| ||spa|| aESP a320.1bT19 aTanaka, Martín (Ed.)eAUT 0aEl estado, viejo desconocido:bvisiones del estado en el Perú c2010 a351 páginas :c20 cm. aGEN aCDE